00366pam a2200133 a 4500020000500000041000800005082001600013100001800029245005900047260002000106300001200126653007400138700002000212 c aeng a801.95bWIS aWismsaft W.K. aLiterary Criticism A Short History hTextual Documents a[s.l]:bOxford  a755 pg. aHistory, description & criticism, Literary Criticism A Short History  aBrooks Jr & C .